000 00330nam a2200121 a 4500
005 20140513081057.0
008 070912s19uu xx 00 eng d
050 _aVCD
_bKi46 1981
245 _aThe kids praise album!.
260 _aPhilippines :
_bMaranatha Music,
_c1980.
650 _aSongs of praise-collection.
999 _c116563
_d116563